000 00254nam a22001097a 4500
008 170116b xxu||||| |||| 00| 0 eng d
020 _a9780131147683
041 _aeng
080 _a618.2
245 _aMEDICAL-SURGICAL NURSING
_cLEMONE, P
942 _2udc
_cBK
999 _c2923
_d2923